Bad Bunny por álbumes - Estadísticas

Estadísticas generales
  • Esta prueba ha sido intentada 306 veces
  • La puntuación promedio es 75 de 131
Estadísticas de respuestas
Respuesta % Correcto
LA CANCIÓN
89%
DtMF
88%
NUEVAYoL
84%
Moscow Mule
82%
MONACO
81%
Un Verano Sin Ti
79%
BAILE INoLVIDABLE
76%
VeLDÁ
76%
La Santa
75%
VOY A LLeVARTE PA PR
75%
EoO
74%
NADIE SABE
74%
Otra Noche En Miami
74%
Safaera
74%
Si Veo a Tu Mamá
73%
Tití Me Preguntó
73%
Andrea
72%
Callaita
72%
<3
72%
120
70%
Ojitos Lindos
70%
La Romana (ft. El Alfa)
69%
Neverita
69%
PERFuMITO NUEVO
69%
PERRO NEGRO
69%
LA MuDANZA
68%
LA NOCHE DE ANOCHE
68%
TELEFONO NUEVO
68%
CAFé CON RON
67%
DÁKITI
67%
FINA
67%
HIBIKI
67%
Un Coco
67%
WELTiTA
67%
BOKeTE
66%
BOOKER T
66%
Después de la Playa
66%
KLOuFRENS
66%
Party
66%
TURiSTA
66%
Me Porto Bonito
65%
ACHO PR
64%
LO QUE LE PASÓ A HAWAii
64%
Tarot
64%
La Corriente
63%
MERCEDES CAROTA
63%
MIA (ft. Drake)
63%
PIToRRO DE COCO
63%
Yo Perreo Sola
63%
Agosto
62%
CANCIÓN CON YANDEL
62%
Efecto
62%
Si Estuviésemos Juntos
61%
Dos Mil 16
60%
La Difícil
60%
NO ME QUIERO CASAR
60%
SEDA
60%
THUNDER Y LIGHTNING
60%
El Apagón
59%
Una Vez
59%
UN PESO (ft. Marciano Cantero)
59%
UN PREVIEW
59%
Estamos Bien
58%
La Zona
58%
MR. OCTOBER
58%
Aguacero
57%
EL CLúB
57%
Enséñame a Bailar
57%
EUROPA :(
57%
KETU TeCRÉ
57%
NI BIEN NI MAL
57%
Bichiyal
56%
Caro
56%
QUÉ PRETENDES
56%
Vete
56%
WHERE SHE GOES
56%
200 MPH (ft. Diplo)
55%
CYBERTRUCK
54%
Hablamos Mañana
54%
HACIENDO QUE ME AMAS
54%
RLNDT
54%
TE MUDASTE
54%
BABY NUEVA
53%
Está Cabrón Ser Yo
53%
Me Fui de Vacaciones
53%
Otro Atardecer
53%
YO VISTO ASÍ
53%
25/8
51%
BATICANO
51%
Soliá
51%
A Tu Merced
50%
CANTARES DE NAVIDAD
50%
VOU 787
50%
VUELVE CANDY B
50%
Como Antes
49%
LOS PITS
49%
P FKN R
49%
Yo No Soy Celoso
49%
BAD CON NICKY
48%
CÓMO SE SIENTE - Remix
48%
LA DROGA
47%
Qué Malo
47%
TRELLAS
47%
GRACIAS POR NADA
46%
Ignorantes
46%
Puesto Pa' Guerrial
46%
Solo de Mí
46%
Un Ratito
46%
ANTES QUE SE ACABE
44%
EL MUNDO ES MÍO
44%
HOY COBRÉ
44%
Pero Ya No
44%
MALDITA POBREZA
43%
MOJAITA
43%
BYE ME FUI
41%
COMO UN BEBÉ (ft. Mr Eazi)
41%
SORRY PAPI
41%
PA' ROMPERLA
40%
Tenemos Que Hablar
40%
TE DESEO LO MEJOR
39%
EN CASITA (ft. Gabriela)
38%
Ronca Freestyle
37%
BENDICIONES
36%
Cuando Perriabas
36%
ODIO
34%
¿Quién Tú Eres?
33%
Ser Bichote
33%
MÁS DE UNA CITA
29%
YO LE LLEGO
27%
SI ELLA SALE
26%
CUIDAO POR AHÍ
24%
No se encontraron pruebas coincidentes
Distribución de puntuación
Porcentaje de gente con cada puntuación
Porcentaje por número respondido
Historial de tus puntuaciones
No has intentado esta prueba.